000
00253nam a2200097Ia 4500
001
1120621
005
20250827004628.0
008
250824s9999 xx 000 0 und d
245
0
_a
ESİR ŞEHRİN İNSANLARI
_c
KEMAL TAHİR
260
_b
KETEBE YAYINEVİ
999
_c
1120621
_d
1120621